Conceptual Joining : Wood Structures from Detail to Utopia / Holzstrukturen Im Experiment.

Bibliographic Details
Main Author: Allner, Lukas.
Other Authors: Kaltenbrunner, Christoph., Kröhnert, Daniela., Reinsberg, Philipp., Vienna, Institute of Architecture at the University of Applied Arts., Institute of Art Sciences and Art Education at the University of Applied Arts Vienna, Institute of.
Format: eBook
Language:English
Published: Basel/Berlin/Boston : Walter de Gruyter GmbH, 2021.
Edition:1st ed.
Series:Edition Angewandte Series
Subjects:
Online Access:Click to View
LEADER 01981nam a22004813i 4500
001 EBC7014820
003 MiAaPQ
005 20231204023225.0
006 m o d |
007 cr cnu||||||||
008 231204s2021 xx o ||||0 eng d
020 |a 9783035624373  |q (electronic bk.) 
035 |a (MiAaPQ)EBC7014820 
035 |a (Au-PeEL)EBL7014820 
035 |a (OCoLC)1330935465 
040 |a MiAaPQ  |b eng  |e rda  |e pn  |c MiAaPQ  |d MiAaPQ 
082 0 |a 721.0448 
100 1 |a Allner, Lukas. 
245 1 0 |a Conceptual Joining :  |b Wood Structures from Detail to Utopia / Holzstrukturen Im Experiment. 
250 |a 1st ed. 
264 1 |a Basel/Berlin/Boston :  |b Walter de Gruyter GmbH,  |c 2021. 
264 4 |c ©2022. 
300 |a 1 online resource (248 pages) 
336 |a text  |b txt  |2 rdacontent 
337 |a computer  |b c  |2 rdamedia 
338 |a online resource  |b cr  |2 rdacarrier 
490 1 |a Edition Angewandte Series 
588 |a Description based on publisher supplied metadata and other sources. 
590 |a Electronic reproduction. Ann Arbor, Michigan : ProQuest Ebook Central, 2023. Available via World Wide Web. Access may be limited to ProQuest Ebook Central affiliated libraries.  
655 4 |a Electronic books. 
700 1 |a Kaltenbrunner, Christoph. 
700 1 |a Kröhnert, Daniela. 
700 1 |a Reinsberg, Philipp. 
700 1 |a Vienna, Institute of Architecture at the University of Applied Arts. 
700 1 |a Institute of Art Sciences and Art Education at the University of Applied Arts Vienna, Institute of. 
700 1 |a Allner, Lukas. 
700 1 |a Kaltenbrunner, Christoph. 
700 1 |a Kröhnert, Daniela. 
700 1 |a Reinsberg, Philipp. 
776 0 8 |i Print version:  |a Allner, Lukas  |t Conceptual Joining  |d Basel/Berlin/Boston : Walter de Gruyter GmbH,c2021 
797 2 |a ProQuest (Firm) 
830 0 |a Edition Angewandte Series 
856 4 0 |u https://ebookcentral.proquest.com/lib/matrademy/detail.action?docID=7014820  |z Click to View